000 00461nam a22001817a 4500
003 CEME
005 20210628204150.0
008 210112b xxu||||| |||| 00| 0 eng d
020 _a9781439086049
040 _cceme
082 _a808.0668 WIN
100 _aWinkler, Anthony C , Metherell, Jo Ray
_969059
245 _aWriting the research paper , a handbook
250 _a8TH
260 _aUSA
_bWADSWORTH
_c2012
300 _aXXI, 354P
942 _cBK
_2ddc
999 _c576472
_d576472